000 00472nam a2200157Ia 4500
005 20240807062444.0
008 240806s9999||||xx |||||||||||||| ||eng||
041 _aeng
082 _a759.95484
_bGHOA
100 _aAll, Ingrid ; Deshpandey, M.N. ; Ghosh, A. ; Lal,
245 0 _aAjanta murals /
_cAll, Ingrid ; Deshpandey, M.N. ; Ghosh, A. ; Lal,
260 _bArchaeological Survey Of India, New Delhi
300 _aFIG 20
650 _aGeneral Studies
942 _cBK
999 _c19469
_d19469